000 00766nam a22002177a 4500
005 20251108170522.0
008 250721s1998 xx 000 0 ara d
082 1 4 _a610.956/سيو
100 1 _aالسيوطي، جلالة الدين أبو الفضل عبد الرحمن الخضري
245 1 0 _aالطب النبوي المعروف المنهج السوي و المنهل الروي في الطب النبوي /
250 _aط2
264 1 _aعمان :
_bدار أسامه للنشر،
_c1998.
300 _a502ص
650 1 7 _aالطب العربي
650 1 7 _aالطب الشعبي
650 1 7 _aالإسلام
650 1 7 _aالطب
700 1 _aالأهدل، حسن محمد مقبولي
_eتحقيق
942 _2ddc
_cBK
999 _c42487
_d42487